000 003380000a22001450004500
003 MACL
040 _aMACL
090 _c31493
_d31491
100 _aKamal, Raj
245 _aThe Concepts And Features Of Microcontrollers
260 _bWheeler Publishing
_c2000
350 _a225
650 _aComputer Science
942 _cBOOK
_k004.16/KAM
999 _c31177
_d31177